مصالحوں کےرنگ / (Record no. 41558)

MARC details
000 -LEADER
fixed length control field 00841nam a22002417a 4500
005 - DATE AND TIME OF LATEST TRANSACTION
control field 20100813121356.0
008 - FIXED-LENGTH DATA ELEMENTS--GENERAL INFORMATION
fixed length control field 081119t xxu||||| |||| 00| 0 ur d
010 ## - LCCN (DPL NO)
LC control number UR-7704
020 ## - INTERNATIONAL STANDARD BOOK NUMBER
Terms of availability 150.00
035 ## - SYSTEM CONTROL NUMBER
System control number U-6259
040 ## - CATALOGING SOURCE
Original cataloging agency DPL
Language of cataloging UR
082 ## - DEWEY DECIMAL CLASSIFICATION NUMBER
Classification number ن
100 ## - MAIN ENTRY--PERSONAL NAME
Personal name کشوری لال
9 (RLIN) 11327
245 ## - TITLE STATEMENT
Title مصالحوں کےرنگ /
Statement of responsibility, etc کشوری لال
246 ## - VARYING FORM OF TITLE
Title proper/short title Masalahon Ke Rang /
Remainder of title by Kishori Lal
260 ## - PUBLICATION, DISTRIBUTION, ETC. (IMPRINT)
Place of publication, distribution, etc گڑگا‏ؤں
Date of publication, distribution, etc 2007
Name of publisher, distributor, etc کشوری لال
270 ## - ADDRESS
Address Q-1/23, Ground Floor, DLF City
City Gurgaon
Postal code 122002
Electronic mail address lalk@airtailbroadbond.in
300 ## - PHYSICAL DESCRIPTION
Extent 96 ص
Dimensions 22 س م (Hb)
650 ## - SUBJECT ADDED ENTRY--TOPICAL TERM
Topical term or geographic name as entry element تاریخ
9 (RLIN) 11328
650 ## - SUBJECT ADDED ENTRY--TOPICAL TERM
Topical term or geographic name as entry element Indian history
9 (RLIN) 11329
942 ## - ADDED ENTRY ELEMENTS (KOHA)
Source of classification or shelving scheme Dewey Decimal Classification
Item type Urdu Bks
Classification part ن
Call number suffix ک ش و
Holdings
Withdrawn status Lost status Source of classification or shelving scheme Damaged status Not for loan Collection code Home library Current library Date acquired Source of acquisition Cost, normal purchase price Total Checkouts Full call number Barcode Date last seen Copy number Cost, replacement price Koha item type
    Dewey Decimal Classification   Not For Loan Fiction D.B.Act.Division D.B.Act.Division 13/08/2010 DBAD/PUB 150.00   ن ک ش و U-6259 13/08/2010 1 150.00 Urdu Bks

© Delhi Public Library
Hit Counter
free hit counter